Southville International School and Colleges
Your cart is empty.
  • Cart
  • Lists
    Public lists list_1 View all
    Your lists Log in to create your own lists
  • Log in to your account
  • Your cookies
  • Search history
Southville International School and Colleges
  • Advanced search
  • Recent comments
  • Most popular
  • Libraries

Log in to your account

Log in with GOOGLE


If you do not have an external account, but do have a local account, you can still log in:

  1. Home
  2. MARC view: Remington :
Normal view MARC view ISBD view

Remington : (Record no. 13950)

[ view plain ]
MARC details
000 -LEADER
fixed length control field 00552nam a22001817a 4500
003 - CONTROL NUMBER IDENTIFIER
control field OSt
005 - DATE AND TIME OF LATEST TRANSACTION
control field 20140310182515.0
008 - FIXED-LENGTH DATA ELEMENTS--GENERAL INFORMATION
fixed length control field 130311t xxu||||| |||| 00| 0 eng d
020 ## - INTERNATIONAL STANDARD BOOK NUMBER
International Standard Book Number 9788189836658
050 ## - LIBRARY OF CONGRESS CALL NUMBER
Classification number RS 41
Item number .R388 2006
110 ## - MAIN ENTRY--CORPORATE NAME
Corporate name or jurisdiction name as entry element Lippincott Williams and Wilkins
9 (RLIN) 8855
245 ## - TITLE STATEMENT
Title Remington :
Remainder of title the science and practice of pharmacy /
Statement of responsibility, etc Paul Beringer, et. al. ;
250 ## - EDITION STATEMENT
Edition statement 21st ed.
260 ## - PUBLICATION, DISTRIBUTION, ETC. (IMPRINT)
Place of publication, distribution, etc New Delhi :
Name of publisher, distributor, etc Wolters Kluwer Pvt. Ltd. ,
Date of publication, distribution, etc c2006.
300 ## - PHYSICAL DESCRIPTION
Dimensions 29 cm.
Extent 2350 p. ;
Other physical details ill. ;
942 ## - ADDED ENTRY ELEMENTS (KOHA)
Source of classification or shelving scheme Library of Congress Classification
Koha item type
Holdings
Withdrawn status Lost status Source of classification or shelving scheme Damaged status Home library Current library Shelving location Date acquired Total Checkouts Total Renewals Full call number Barcode Date last seen Date checked out Copy number Price effective from Koha item type
    Library of Congress Classification   South SEED-LPDH College Library South SEED-LPDH College Library South SEED-LPDH College Section 08/08/2013 1 1 RS 41 .R388 2006 SSLC1189 02/08/2019 01/28/2019 1 08/08/2013 Books

Remington :

APA

Lippincott Williams and Wilkins, . (2006). Remington. New Delhi: Wolters Kluwer Pvt. Ltd.

Chicago

Lippincott Williams and Wilkins, . 2006. Remington. New Delhi: Wolters Kluwer Pvt. Ltd.

Harvard

Lippincott Williams and Wilkins, . (2006). Remington. New Delhi: Wolters Kluwer Pvt. Ltd.

MLA

Lippincott Williams and Wilkins, . Remington. New Delhi: Wolters Kluwer Pvt. Ltd. 2006.

  • Place hold
  • Print
  • Cite
  • Add to your cart (remove)
  • Save record
    BIBTEX Dublin Core MARCXML MARC (non-Unicode/MARC-8) MARC (Unicode/UTF-8) MARC (Unicode/UTF-8, Standard) MODS (XML) RIS
  • More searches
    Search for this title in:
    Other Libraries (WorldCat) Other Databases (Google Scholar) Online Stores (Bookfinder.com) Open Library (openlibrary.org)

Exporting to Dublin Core...

SOUTHVILLE LIBRARY

Southville International School and Colleges Library

1281 Tropical Ave. Cor. Luxembourg St., BF Homes International, Las Pinas City

Tel. No. 8256374 / 252358 Loc. 117/146

Powered by Koha